Normal view
MARC view
- Discrete mathematics with applications
Entry Topical Term
001 - CONTROL NUMBER
- control field: 127584
003 - CONTROL NUMBER IDENTIFIER
- control field: NUST
005 - DATE AND TIME OF LATEST TRANSACTION
- control field: 20250115102208.0
008 - FIXED-LENGTH DATA ELEMENTS
- fixed length control field: 250115|| aca||aabn | a|a d
040 ## - CATALOGING SOURCE
- Original cataloging agency: NUST
- Transcribing agency: NUST
150 ## - HEADING--TOPICAL TERM
- Topical term or geographic name entry element: Discrete mathematics with applications
670 ## - SOURCE DATA FOUND
- Source citation: Work cat.: (NUST): Susanna S. EPP 127583, Discrete mathematics with applications , 2000.
